000
00245 a2200085 4500
020
_a
978-3836535960
100
_a
Barbara Lamprecht
245
_a
Richard Neutra: 1892 - 1970: Survival through Design llustrated
260
_b
Taschen America Llc
_c
2016
999
_c
13384
_d
13384